Bác Hồ - Những năm tháng ở nước ngoài /

Enregistré dans:
Détails bibliographiques
Auteur principal: Đặng Hoà.
Format: Sách giấy
Langue:Vietnamese
Publié: H. : Trung tâm Unesco bảo tồn và phát triển văn hoá dân tộc Việt Nam, 2001.
Édition:Tái bản lần thứ hai.
Sujets:
Tags: Ajouter un tag
Pas de tags, Soyez le premier à ajouter un tag!
Thư viện lưu trữ: Thư viện Trường Đại học Đà Lạt
LEADER 00846nam a2200313 4500
001 DLU120135018
005 ##20120515
040 # # |a DLU  |b vie 
041 # # |a vie 
044 # # |a vn 
082 # # |a 923.1  |b DA-H 
100 # # |a Đặng Hoà. 
245 # # |a Bác Hồ - Những năm tháng ở nước ngoài /  |c Đặng Hoà. 
250 # # |a Tái bản lần thứ hai. 
260 # # |a H. :  |b Trung tâm Unesco bảo tồn và phát triển văn hoá dân tộc Việt Nam,  |c 2001. 
300 # # |a 159 tr. ;  |c 19 cm 
600 # # |a Hồ Chí Minh,  |d 1890-1969. 
650 # # |a Chủ tịch  |z Việt Nam  |v Tiểu sử. 
923 # # |a 01/2012DP 
991 # # |a SH 
992 # # |a 15000 
994 # # |a KDP 
900 # # |a True 
911 # # |a Đào Thị Thu Huyền 
925 # # |a G 
926 # # |a A 
927 # # |a SH 
980 # # |a Thư viện Trường Đại học Đà Lạt